[Event "EU-chT Plovdiv"]
[Site "Plovdiv"]
[Date "1983.??.??"]
[Round "1"]
[White "Miles, Anthony J"]
[Black "Mortensen, Erling"]
[Result "1-0"]
[WhiteElo "2585"]
[BlackElo "2475"]

1.d4 Nf6 2.c4 g6 3.Nc3 Bg7 4.e4 d6 5.Bd3 e5 6.d5 O-O 7.Bg5 Na6 8.Qd2 Qe8
9.Nge2 Nd7 10.Ng3 Ndc5 11.Be2 f6 12.Be3 f5 13.exf5 gxf5 14.f4 e4 15.O-O Qg6
16.Rab1 Nd7 17.Nh5 Bh8 18.b4 Nf6 19.Nxf6+ Bxf6 20.Rb3 Rf7 21.c5 Rg7 22.Bxa6 bxa6
23.c6 h5 24.Rf2 Kh7 25.Bd4 Rg8 26.Nd1 Bxd4 27.Qxd4 Qg7 28.Qxg7+ Kxg7 29.Rg3+ Kf7
30.Rxg8 Kxg8 31.Rb2 Rb8 32.a4 Kf7 33.a5 Kg6 34.h4 Rb5 35.Nc3 Rb8 36.Kf2 Kf6
37.Ke3  1-0

[Event "EU-chT Plovdiv"]
[Site "Plovdiv"]
[Date "1983.??.??"]
[Round "2"]
[White "Miles, Anthony J"]
[Black "Portisch, Lajos"]
[Result "0-1"]
[WhiteElo "2585"]
[BlackElo "2620"]

1.d4 Nf6 2.c4 e6 3.Nf3 b6 4.a3 Bb7 5.Nc3 d5 6.cxd5 Nxd5 7.e3 Be7 8.Bb5+ c6
9.Nxd5 Qxd5 10.Bd3 O-O 11.Qc2 h6 12.Bh7+ Kh8 13.Be4 Qd8 14.Ne5 Qc7 15.b4 Bd6
16.Bb2 Bxe5 17.dxe5 Nd7 18.Rc1 a5 19.Qc3 axb4 20.axb4 c5 21.Bb1 Qc6 22.f3 Qb5
23.Kf2 Rfc8 24.Rhd1 cxb4 25.Qd4 Rxc1 26.Bxc1 Bc6 27.Bb2 Nc5 28.Qd6 Kg8 29.Rd4 b3
30.Rf4 Be8 31.Rg4 Ra2 32.Qd4 Ra4 33.Qd8 Rxg4 34.fxg4 Qd7 35.Qxd7 Bxd7 36.e4 Bb5
37.Ke3 Bf1 38.g3 Kf8 39.Bd4 Ke8 40.Kd2 Kd7 41.h4 Kc6 42.Bc3 Bh3 43.g5 h5
44.Bd3 Bg4 45.Bb2 Bf3 46.Bd4 b5 47.Bb1 b4 48.Bd3 Na4 49.Bb1 Kb5 50.Bd3+ Ka5
51.Bc4 b2 52.Bd3 b3 53.Bb1 Kb4 54.Bd3 g6 55.Bf2 Nc3 56.Bc5+ Kxc5 57.Kxc3 Be2
58.Bb1 Bd1 59.Kxb2 Kd4 60.Kc1 Bf3  0-1

[Event "EU-chT Plovdiv"]
[Site "Plovdiv"]
[Date "1983.??.??"]
[Round "3"]
[White "Tringov, Georgi P"]
[Black "Miles, Anthony J"]
[Result "1/2-1/2"]
[WhiteElo "2455"]
[BlackElo "2585"]

1.e4 c5 2.Nf3 d6 3.d4 cxd4 4.Nxd4 Nf6 5.Nc3 g6 6.Bg5 Bg7 7.Nb3 O-O 8.Be2 a6
9.O-O b5 10.Bf3 Ra7 11.Qc1 Nbd7 12.Be3 Rc7 13.a4 b4 14.Na2 Bb7 15.Nxb4 Qa8
16.a5 Rfc8 17.Nd2 Nxe4 18.Nxe4 Bxe4 19.Bxe4 Qxe4 20.c3 Nc5 21.Qd1 Rb7 22.Re1 Qc4
23.Nd5 Re8 24.Nb6 Qb5 25.Qe2 Qxe2 26.Rxe2 e6 27.Bxc5 dxc5 28.Rd1 Bh6 29.g3 Bg5
30.Rd6 Be7 31.Rc6 Rd8 32.Kf1 Kf8 33.Nc4 Ra7 34.Ke1 Rdd7 35.Rd2 Rdc7 36.Rb6 Rc8
37.Kd1 Bd8 38.Rbd6 Be7 39.Rb6 Bd8 40.Rbd6 Be7 41.Rd7 Rcc7 42.Rxc7 Rxc7 43.Kc2 Rb7
44.f4 h6 45.Rd1 g5 46.Rf1 gxf4  1/2-1/2

[Event "EU-chT Plovdiv"]
[Site "Plovdiv"]
[Date "1983.??.??"]
[Round "5"]
[White "Lobron, Eric"]
[Black "Miles, Anthony J"]
[Result "0-1"]
[WhiteElo "2515"]
[BlackElo "2585"]

1.g3 e5 2.Bg2 Nf6 3.c4 c6 4.d4 Bb4+ 5.Bd2 Bxd2+ 6.Qxd2 d6 7.Nc3 O-O 8.Rd1 Qa5
9.Nf3 Re8 10.O-O Nbd7 11.Nh4 Nb6 12.b3 exd4 13.Qxd4 Be6 14.e4 Rad8 15.h3 Nc8
16.f4 a6 17.Nf3 Bd7 18.Rfe1 c5 19.Qd2 Bc6 20.Qc2 Rd7 21.Nd5 Qd8 22.Kh2 h6
23.Nh4 b5 24.Nf5 Bxd5 25.cxd5 Ne7 26.Ne3 Ng6 27.Nf5 Rc7 28.Qc3 Rd7 29.b4 cxb4
30.Qxb4 h5 31.Nd4 h4 32.Bf3 hxg3+ 33.Kxg3 Nxe4+ 34.Rxe4 Rxe4 35.Bxe4 Qh4+
36.Kg2 Nxf4+ 37.Kf3 Nxh3 38.Bf5 Qf2+ 39.Kg4 Qg2+ 40.Kh4 Nf2  0-1

[Event "EU-chT Plovdiv"]
[Site "Plovdiv"]
[Date "1983.??.??"]
[Round "7"]
[White "Ljubojevic, Ljubomir"]
[Black "Miles, Anthony J"]
[Result "1/2-1/2"]
[WhiteElo "2645"]
[BlackElo "2585"]

1.e4 c5 2.Nc3 Nc6 3.g3 g6 4.Bg2 Bg7 5.d3 d6 6.Be3 b5 7.e5 Qd7 8.Nf3 Nh6 9.exd6 exd6
10.Ne4 Nf5 11.Bg5 O-O 12.O-O f6 13.Bc1 Bb7 14.Bh3 Rae8 15.Nh4 Nce7 16.Nxf5 Nxf5
17.Bf4 Qc6 18.f3 Rd8 19.c3 Ne7 20.Re1 Nd5 21.Bd2 f5 22.Ng5 Nc7 23.Bg2 Rfe8
24.Qc2 h6 25.Nh3 g5 26.Kh1 Ne6 27.Re2 g4 28.Ng1 Ng5 29.Bxg5 hxg5 30.Rae1 Kf7
31.Qd2 Rxe2 32.Rxe2 Re8 33.Rxe8 Qxe8 34.Qxg5 Qe6 35.h3 b4 36.hxg4 fxg4 37.Qxg4 Qxg4
38.fxg4 bxc3 39.bxc3 Bc8 40.c4 Bxg4 41.Bf3 Bf5 42.Be2 Ke6  1/2-1/2

[Event "BCF-ch"]
[Site "Brighton"]
[Date "1984.??.??"]
[Round "1"]
[White "Arkell, Keith C"]
[Black "Miles, Anthony J"]
[Result "1/2-1/2"]
[WhiteElo "2345"]
[BlackElo "2565"]

1.d4 Nf6 2.Nf3 e6 3.Bf4 b6 4.Nbd2 Bb7 5.e3 Be7 6.h3 d6 7.Bd3 Nc6 8.O-O O-O
9.Bh2 Nd7 10.e4 e5 11.d5 Nb4 12.Be2 a5 13.c3 Na6 14.a3 c6 15.dxc6 Bxc6 16.b4 Nc7
17.Nc4 Nb5 18.Qc2 Nf6 19.Nfd2 axb4 20.axb4 Qc7 21.Ne3 Bd7 22.Ndc4 Qc6 23.Bd3 Nc7
24.Nd2 g6 25.Bc4 Qb7 26.Rxa8 Rxa8 27.f4 exf4 28.Bxf4 b5 29.Bb3 Qb6 30.Kh1 Ne6
31.Bh6 Nh5 32.Kh2 Qd8 33.Nf3 Bf8 34.Ng4 Qe7 35.Qd2 Nf6 36.Nxf6+ Qxf6  1/2-1/2

[Event "BCF-ch"]
[Site "Brighton"]
[Date "1984.??.??"]
[Round "2"]
[White "Miles, Anthony J"]
[Black "Hawksworth, John C"]
[Result "1-0"]
[WhiteElo "2565"]
[BlackElo "2340"]

1.d4 Nf6 2.c4 e6 3.Nc3 Bb4 4.e3 O-O 5.Bd3 d5 6.a3 Bxc3+ 7.bxc3 dxc4 8.Bxc4 c5
9.Bd3 Nc6 10.f4 b6 11.Ne2 cxd4 12.cxd4 Bb7 13.O-O Ne7 14.Ng3 Qd5 15.Rf2 Qd7
16.e4 Qxd4 17.Bb2 Qd8 18.Rd2 Qc7 19.Bxf6 gxf6 20.Nh5 Kh8 21.Rc1 Qb8 22.Qg4 Ng6
23.f5 Qe5 24.fxe6 fxe6 25.Ng3 Rac8 26.Qd1 f5 27.exf5 exf5 28.Rxc8 Rxc8 29.Be2 Qe3+
30.Kh1 Bd5 31.Nf1  1-0

[Event "BCF-ch"]
[Site "Brighton"]
[Date "1984.??.??"]
[Round "4"]
[White "Miles, Anthony J"]
[Black "Hjorth, Greg"]
[Result "0-1"]
[WhiteElo "2565"]
[BlackElo "2440"]

1.d4 e6 2.c4 d5 3.Nc3 c5 4.cxd5 exd5 5.Nf3 Nc6 6.g3 Be7 7.Bg2 Nf6 8.O-O O-O
9.dxc5 Bxc5 10.Bg5 d4 11.Bxf6 Qxf6 12.Nd5 Qd8 13.Nd2 a6 14.Rc1 Ba7 15.Re1 Re8
16.Qb3 Rb8 17.Nf4 Re5 18.Nc4 Rb5 19.Qa3 Nb4 20.Nd3 Nxd3 21.Qxd3 Be6 22.b3 Qe7
23.Nd2 Re8 24.Be4 g6 25.Rc2 Bg4 26.Rec1 Bb6 27.Kh1 Re5 28.f3 f5 29.Qc4+ Kg7
30.Bd3 Bh3 31.b4 Rxe2 32.Bxe2 Qxe2 33.Rg1 d3 34.Qc3+ Kh6 35.Rcc1 Bxg1 36.Rxg1 Qf2
37.Qc1 f4 38.Qc7 Bg2+  0-1

[Event "BCF-ch"]
[Site "Brighton"]
[Date "1984.??.??"]
[Round "5"]
[White "Morrison, Graham"]
[Black "Miles, Anthony J"]
[Result "0-1"]
[WhiteElo "2335"]
[BlackElo "2565"]

1.Nf3 c5 2.c4 b6 3.Nc3 Bb7 4.e4 Nc6 5.d4 cxd4 6.Nxd4 Qb8 7.Be3 e6 8.Qd2 Nf6
9.O-O-O Nxd4 10.Bxd4 Nxe4 11.Nxe4 Bxe4 12.Bd3 Bxg2 13.Rhg1 Bc6 14.Bxg7 Bxg7
15.Rxg7 Qe5 16.Qh6 Ke7 17.Rdg1 Rac8 18.Kb1 Bf3 19.Ka1 Qf6 20.Qe3 Bh5 21.R7g3 Rc5
22.f4 Bg6 23.Rd1 Rhc8 24.Rg5 R8c6 25.h4 Rd6 26.Rxc5 bxc5 27.Qxc5 Qd4 28.Qxd4 Rxd4
29.Be2 Re4 30.Rd2 h5 31.c5 f6 32.a3 Rxf4 33.Rd6 Rxh4 34.Bb5 Rh1+ 35.Ka2 Be8
36.Ra6 Rc1 37.b4 h4 38.Rxa7 h3 39.Kb2 h2 40.Bc6 Rd1 41.Bf3 Bh5  0-1

[Event "BCF-ch"]
[Site "Brighton"]
[Date "1984.??.??"]
[Round "6"]
[White "Miles, Anthony J"]
[Black "Gallagher, Joseph G"]
[Result "1-0"]
[WhiteElo "2565"]
[BlackElo "2295"]

1.d4 Nf6 2.Nf3 e6 3.g3 b5 4.Bg2 Bb7 5.O-O c5 6.Bg5 Qb6 7.Bxf6 gxf6 8.Nc3 cxd4
9.Nxd4 Bxg2 10.Kxg2 b4 11.Na4 Qa6 12.c3 Nc6 13.Rc1 Be7 14.Nxc6 Qxc6+ 15.Kg1 b3
16.Qxb3 h5 17.c4 h4 18.Qf3 hxg3 19.hxg3 Qxf3 20.exf3 Rh5 21.Kg2 Ra5 22.b3 Ba3
23.Rcd1 d5 24.cxd5 Rxd5 25.Rxd5 exd5 26.Rd1 Rd8 27.f4 d4 28.Kf3 d3 29.Ke3 d2
30.Nc3 Kf8 31.Nb1 Bc5+ 32.Kf3 Bb4 33.a3 Bc3 34.Ke2 Re8+ 35.Kd3 Re1  1-0

[Event "BCF-ch"]
[Site "Brighton"]
[Date "1984.??.??"]
[Round "8"]
[White "Miles, Anthony J"]
[Black "Strauss, David J"]
[Result "1/2-1/2"]
[WhiteElo "2565"]
[BlackElo "2425"]

1.d4 Nf6 2.c4 g6 3.Nc3 Bg7 4.e4 d6 5.f3 O-O 6.Be3 c6 7.Bd3 a6 8.a4 a5 9.Qd2 Na6
10.Rd1 Nd7 11.Nge2 e5 12.d5 Ndc5 13.Bc2 Qb6 14.O-O Rd8 15.b3 Nb4 16.Nc1 Bd7
17.Kh1 cxd5 18.Nxd5 Nxd5 19.Qxd5 Bc6 20.Qd2 Qc7 21.Qf2 Qe7 22.Rd2 Bf6 23.Ne2 Rd7
24.Nc3 Bg5 25.f4 exf4 26.Bxf4 Re8 27.Nd5 Bxd5 28.Bxg5 Qxg5 29.Rxd5 Re5 30.Rxd6 Qe7
31.Rxd7 Qxd7 32.Rd1 Nxe4 33.Qb6 Qe7 34.Bxe4 Rxe4 35.Qxa5 Re3 36.Qb6 Qe4 37.Rf1 f5
38.Rd1 Kg7 39.h3 Rxh3+ 40.Kg1 Re3 41.Rf1 h5 42.b4 Kh6  1/2-1/2

[Event "BCF-ch"]
[Site "Brighton"]
[Date "1984.??.??"]
[Round "9"]
[White "Short, Nigel D"]
[Black "Miles, Anthony J"]
[Result "1-0"]
[WhiteElo "2510"]
[BlackElo "2565"]

1.e4 c6 2.c4 d5 3.exd5 cxd5 4.cxd5 Nf6 5.Nc3 Nxd5 6.Nf3 Nc6 7.d4 Bg4 8.Qb3 Bxf3
9.gxf3 Nb6 10.Be3 e6 11.O-O-O Be7 12.d5 exd5 13.Bxb6 axb6 14.Nxd5 O-O 15.Rg1 Bf6
16.Rg4 Ra5 17.Kb1 Rc5 18.Nxb6 Nd4 19.Qb4 Rc6 20.Nc4 Qd7 21.Re4 Rfc8 22.a3 Rd8
23.Na5 Re6 24.Bh3 Qc7 25.Rexd4 Rxd4 26.Rxd4 Bxd4 27.Bxe6 fxe6 28.Qxb7 Qe5
29.Nc6 Qe1+ 30.Ka2 Bf6 31.Qb3 h5 32.Qc2 Qh1 33.a4 Qxf3 34.a5 Qd5+ 35.Ka3 Qd6+
36.b4 Qxh2 37.a6 Qh3+ 38.Ka4 Qf1 39.a7 Qa6+ 40.Kb3 h4 41.Qc4 Qa1 42.Qxe6+ Kh7
43.Qe4+ g6 44.Ne5 Qd1+ 45.Kc4 Qf1+ 46.Nd3  1-0

[Event "BCF-ch"]
[Site "Brighton"]
[Date "1984.??.??"]
[Round "11"]
[White "Kosten, Anthony C"]
[Black "Miles, Anthony J"]
[Result "0-1"]
[WhiteElo "2420"]
[BlackElo "2565"]

1.d4 Nf6 2.Nf3 b6 3.Bg5 Bb7 4.Nbd2 e6 5.e3 h6 6.Bh4 d6 7.h3 Nbd7 8.Bd3 g5
9.Bg3 Bg7 10.Qe2 a6 11.c3 Qe7 12.Bh2 e5 13.e4 O-O 14.dxe5 dxe5 15.O-O-O Ne8
16.Nf1 Nc5 17.Bc2 Nd6 18.Ng3 a5 19.Nd2 a4 20.a3 Rfd8 21.Ndf1 Qe6 22.Kb1 Ncxe4
23.Ne3 Nxg3 24.Bxg3 Ne4 25.Bxa4 f5 26.Rxd8+ Rxd8 27.Rd1 Rxd1+ 28.Qxd1 f4
29.Qd8+ Bf8 30.Ng4 h5 31.Qxc7 hxg4 32.Qxb7 Nc5 33.Qc6 fxg3 34.fxg3 Kf7 35.Qxe6+ Kxe6
36.Bc2 Kd5 37.b4 Ne4 38.Bb3+ Kd6 39.hxg4 Nxc3+ 40.Kc2 Nb5 41.Kb2 e4 42.Bc4 Bg7+
43.Kb3 Nd4+ 44.Kc3 b5 45.Bf1 Kd5  0-1

[Event "London"]
[Site "London"]
[Date "1984.??.??"]
[Round "?"]
[White "Kortschnoj, Viktor"]
[Black "Miles, Anthony J"]
[Result "1/2-1/2"]
[WhiteElo "2635"]
[BlackElo "2610"]

1.d4 Nf6 2.c4 e6 3.g3 d5 4.Bg2 dxc4 5.Nf3 c5 6.O-O cxd4 7.Qa4+ Bd7 8.Qxc4 Na6
9.Qxd4 Bc6 10.Nc3 Qxd4 11.Nxd4 Bxg2 12.Kxg2 Bc5 13.Ndb5 O-O 14.a3 Rfd8 15.b4 Bb6
16.Na4 Rac8 17.Nxb6 axb6 18.Bf4 Nd5 19.Rac1 Nxf4+ 20.gxf4 Kf8 21.e4 Rc6 22.e5 Rd7
23.Na7 Rxc1 24.Rxc1 Nc7 25.Nc8 Nd5 26.Nd6 Nxf4+ 27.Kf3 g5 28.Rc8+ Kg7 29.Ke4 Kg6
30.Rb8 f5+ 31.Kd4 Nd5 32.Rxb7 Rd8 33.Kc4 Ra8 34.Kb3 g4 35.Nc4 Rc8 36.Nxb6 Rc3+
37.Kb2 Rf3 38.Nxd5 Rxf2+ 39.Kc3 exd5 40.b5 Rxh2 41.b6 Rh3+ 42.Kc2 Rh2+ 43.Kb3 Rh3+
44.Kc2 Rh2+ 45.Kb3 Rh3+  1/2-1/2

[Event "London"]
[Site "London"]
[Date "1984.??.??"]
[Round "?"]
[White "Miles, Anthony J"]
[Black "Chandler, Murray G"]
[Result "1-0"]
[WhiteElo "2610"]
[BlackElo "2515"]

1.d4 d5 2.c4 e6 3.Nf3 c5 4.cxd5 exd5 5.g3 Nf6 6.Bg2 Be7 7.O-O O-O 8.Nc3 Nc6
9.dxc5 Bxc5 10.Bg5 d4 11.Bxf6 Qxf6 12.Nd5 Qd8 13.Nd2 Re8 14.Re1 Be6 15.Nf4 Qd7
16.Rc1 Bb6 17.Qa4 Rac8 18.Nc4 Bd8 19.b4 a6 20.Nb2 Bg5 21.Nbd3 Qd6 22.Rc5 Bxf4
23.Nxf4 Bd7 24.Rd5 Qe7 25.h4 Ne5 26.Qd1 Qxb4 27.Rxd4 Rc4 28.Rxc4 Qxc4 29.Bxb7 Qxa2
30.Qd4 a5 31.Bd5 Qc2 32.Qa1 Qc5 33.Rc1 Qa7 34.Qa2 h6 35.Rc3 Rc8 36.Re3 Qd4
37.Kg2 Bc6 38.Bxc6 Nxc6 39.Nd5 Rd8 40.Nf4 a4 41.Qc2 Ne5 42.Re4 Qd6 43.Qxa4 Qc6
44.Qxc6 Nxc6 45.h5 Kf8 46.e3 Rd2 47.g4 Rc2 48.Kg3 Rc1 49.Ne2 Rb1 50.Rc4 Ne5
51.Rc2 Ke7 52.f3 Re1 53.Nd4 Kf6 54.Rc3 Rg1+ 55.Kf4 Rb1 56.Ke4 Rb6 57.Rc2 Rd6
58.f4 Nxg4 59.Kf3 Ne5+ 60.fxe5+ Kxe5 61.Rc5+ Kf6 62.Kf4 g6 63.Rc6 Rxc6 64.Nxc6 gxh5
65.Nd4 h4 66.Nf3 h3 67.e4 Kg6 68.Kg3 Kh5 69.Kxh3 f5 70.e5 f4 71.e6 Kg6 72.Kg4  1-0

[Event "London"]
[Site "London"]
[Date "1984.??.??"]
[Round "?"]
[White "Miles, Anthony J"]
[Black "Torre, Eugenio"]
[Result "1/2-1/2"]
[WhiteElo "2610"]
[BlackElo "2565"]

1.d4 Nf6 2.c4 e6 3.Nc3 Bb4 4.e3 c5 5.Ne2 cxd4 6.exd4 d5 7.c5 Ne4 8.Bd2 Nxd2
9.Qxd2 a5 10.a3 Bxc3 11.Nxc3 a4 12.Bd3 b6 13.O-O bxc5 14.dxc5 Qa5 15.Rac1 O-O
16.Rfe1 Nd7 17.Qc2 Nf6 18.Na2 Ba6 19.Bxa6 Qxa6 20.Nb4 Qb5 21.f3 Rfc8 22.Qf2 Ra5
23.c6 Ne8 24.Kh1 Nd6 25.Rc3 Nc4 26.f4 Qb6 27.Qe2 Nd6 28.Rec1 g6 29.R3c2 Nc4
30.Re1 Qd4 31.Qf3 Ra7 32.Qf2 Qxf2 33.Rxf2 h5 34.g3 Rac7 35.Kg2 Kf8 36.h3 Rxc6
37.Nxc6 Rxc6 38.g4 hxg4 39.hxg4 Ke7 40.Rh1 Rc8 41.Kg3 Rb8 42.Rc1 Kd6 43.Rfc2 Kc5
44.Kh4 f6 45.g5 Rh8+ 46.Kg4 f5+ 47.Kg3 Rh5 48.Re2 Kd6 49.Rh2 Rxh2 50.Kxh2 e5
51.fxe5+ Kxe5 52.Kg3 Ke4 53.Kf2 f4 54.Rc3 Nxb2 55.Rc6 Nd3+ 56.Kf1 Ne5 57.Ra6 d4
58.Rxa4 f3 59.Ra8 d3 60.Rd8 Nc6 61.Re8+ Kf4 62.Rf8+ Ke3 63.Re8+ Kf4 64.Rf8+ Ke3
65.Re8+ Kf4  1/2-1/2

[Event "London"]
[Site "London"]
[Date "1984.??.??"]
[Round "?"]
[White "Miles, Anthony J"]
[Black "Vaganian, Rafael A"]
[Result "0-1"]
[WhiteElo "2610"]
[BlackElo "2630"]

1.c4 Nf6 2.Nc3 c5 3.Nf3 d5 4.cxd5 Nxd5 5.e4 Nxc3 6.dxc3 Qxd1+ 7.Kxd1 Nc6
8.Bf4 g6 9.Kc2 Bg7 10.Rd1 Bd7 11.Bc4 f6 12.Bf7+ Kxf7 13.Rxd7 b6 14.Rhd1 Rhd8
15.Rxd8 Nxd8 16.Kb3 Bf8 17.Kc4 e5 18.Bc1 Ke6 19.Kb5 Nf7 20.Ka6 Nd6 21.Nd2 b5
22.Nb3 Nxe4 23.f3 Nf2 24.Rd2 c4 25.Rxf2 cxb3 26.axb3 Bc5 27.Re2 b4 28.Be3 Bd6
29.Rd2 f5 30.c4 Rc8 31.c5 Bxc5 32.Rc2 Kd6 33.Rd2+ Ke6 34.Rc2 Kd5 35.Kb7 Rc6
36.Bf2 Rb6+ 37.Kxa7 Bxf2 38.Rxf2 Re6 39.Rd2+ Kc5 40.Rc2+ Kd4 41.Rc4+ Kd3
42.Rxb4 e4 43.fxe4 fxe4 44.Rb6 Rxb6  0-1

[Event "London"]
[Site "London"]
[Date "1984.??.??"]
[Round "?"]
[White "Timman, Jan H"]
[Black "Miles, Anthony J"]
[Result "1/2-1/2"]
[WhiteElo "2610"]
[BlackElo "2610"]

1.e4 c6 2.d4 d5 3.Nd2 dxe4 4.Nxe4 Bf5 5.Ng3 Bg6 6.h4 h6 7.Nf3 Nd7 8.h5 Bh7
9.Bd3 Bxd3 10.Qxd3 e6 11.Bf4 Qa5+ 12.Bd2 Qc7 13.O-O-O Ngf6 14.Qe2 Bd6 15.Nf5 Bf4
16.Bxf4 Qxf4+ 17.Ne3 O-O-O 18.Rh4 Qc7 19.Nc4 Rhe8 20.Nfe5 Nb6 21.Nxb6+ axb6
22.Rd3 Re7 23.Rf3 b5 24.Rg3 Ne8 25.Rf4 Kb8 26.Qe1 Rd5 27.Rgf3 Nf6 28.g4 c5
29.Rc3 Nd7 30.Re4 c4 31.Rg3 Nxe5 32.Rxe5 Rxd4 33.Rxb5 Red7 34.Rg1 Qf4+ 35.Qe3 Re4
36.Qxf4+ Rxf4 37.g5 Rxf2 38.gxh6 gxh6 39.Rc5 Rd4 40.a4 b6 41.Rb5 Kc7 42.Kb1 Rdd2
43.c3 Rg2 44.Rf1 f5 45.Rb4 Rg4 46.Re1 Rd6 47.Rb5 Kc6 48.Rbe5 Kd7 49.a5 Rg2
50.a6 Rg8 51.a7 Rc6 52.R5e2 Ra8 53.Rg2 Kd6 54.Rg7 Rc5 55.Rb7 Rb5 56.Rd1+ Ke5
57.Re1+ Kf6 58.Rh7 f4 59.Rxh6+ Kg5 60.Rh7 f3 61.Rg7+ Kf4 62.h6 f2 63.Rf1 Kf3
64.h7 Rh5 65.Rf7+ Rf5 66.Rg7 Rff8 67.h8=Q Rxh8 68.Rf7+ Ke3 69.R7xf2 Rxa7
70.Rf3+ Ke4 71.Rf4+ Kd5 72.Rd4+ Kc5 73.Re1 Rh5  1/2-1/2

[Event "URS-World"]
[Site "London"]
[Date "1984.??.??"]
[Round "1.9"]
[White "Jussupow, Artur"]
[Black "Miles, Anthony J"]
[Result "1/2-1/2"]
[WhiteElo "2570"]
[BlackElo "2615"]

1.d4 Nf6 2.Nf3 b6 3.c4 e6 4.a3 Ba6 5.Qc2 Bb7 6.Nc3 c5 7.dxc5 bxc5 8.Bf4 Nh5
9.Bg5 Be7 10.Bxe7 Qxe7 11.e3 O-O 12.Be2 Nf6 13.O-O Nc6 14.Rad1 Rfd8 15.Ng5 Rab8
16.Rd2 h6 17.Nge4 Nxe4 18.Nxe4 Na5 19.Nd6 Bc6 20.Qc3 Nb7 21.Rfd1 Qg5 22.g3 Ba4
23.Nxb7 Rxb7 24.Re1 Qf6 25.Qa5 Bc6 26.b4 cxb4 27.axb4 Rc8 28.Rd4 e5  1/2-1/2

[Event "URS-World"]
[Site "London"]
[Date "1984.??.??"]
[Round "3.9"]
[White "Jussupow, Artur"]
[Black "Miles, Anthony J"]
[Result "1/2-1/2"]
[WhiteElo "2570"]
[BlackElo "2615"]

1.d4 Nf6 2.Nf3 e6 3.e3 c5 4.Bd3 d5 5.b3 Qa5+ 6.Nbd2 cxd4 7.exd4 Bb4 8.O-O Bc3
9.b4 Qc7 10.Rb1 Nc6 11.Bb5 a5 12.bxa5 O-O 13.Ba3 Rd8 14.Bc5 Nd7 15.Rb3 Bxa5
16.Ba3 Nf6 17.c3 Bb6 18.Qb1 Ba7 19.Re1 Bd7 20.Bxc6 Bxc6 21.Ne5 Rdb8 22.Re3 Ba4
23.Rb2 Be8 24.Rg3 b5 25.Qd3 Nh5 26.Rf3 f6 27.Bb4 g5 28.Ng4 Kg7 29.g3 Bg6
30.Qe2 Qd7 31.h3 Re8 32.Nb3 Bb8 33.Nc5 Qc6 34.Re3 Bf7 35.Rb1 Ba7 36.Nd3 Qc4
37.Re1 Bb8 38.a3 Ra6 39.Nc5 Qxe2 40.R3xe2 Rc6 41.Nd3 Ba7 42.Bc5 Ra8 43.Ra1 Rcc8
44.a4 Bg6 45.axb5 Bxd3 46.Rea2 Bxb5 47.Rxa7+ Rxa7 48.Rxa7+ Kg6 49.Ne3 Bd3
50.Bb4 Be4 51.Nf1 Ng7 52.Nd2 Bc2 53.f3 Nf5 54.Kf2 h5 55.g4 hxg4 56.hxg4 Ng7
57.Ke2 Rh8 58.Bd6 Ne8 59.Ra8 Ba4 60.Bg3 Bc6 61.Rc8 Bb5+ 62.Kf2 Rh1 63.Rb8 Ba4
64.Nf1 Rh7 65.Rb6 Re7 66.Ne3 Ng7 67.c4 dxc4 68.Nxc4 Rd7 69.Ke3 Rd8 70.Nd6 Ra8
71.Be1 Bc2 72.Bc3 Rd8 73.Nb7 Rd5 74.Nc5 Kf7 75.Rb7+ Kg8 76.Ne4 Ne8 77.Re7 Rd8
78.Rxe6 Kf7 79.d5 Rxd5 80.Rb6  1/2-1/2

[Event "URS-World"]
[Site "London"]
[Date "1984.??.??"]
[Round "4.9"]
[White "Miles, Anthony J"]
[Black "Romanishin, Oleg M"]
[Result "1-0"]
[WhiteElo "2615"]
[BlackElo "2580"]

1.d4 Nf6 2.c4 e6 3.Nc3 Bb4 4.e3 c5 5.Bd3 Nc6 6.Ne2 d5 7.cxd5 exd5 8.a3 cxd4
9.axb4 dxc3 10.b5 Ne5 11.Nxc3 Nxd3+ 12.Qxd3 O-O 13.b3 Be6 14.Ne2 Ne4 15.Bb2 Qg5
16.O-O Nc5 17.Qc2 Rfc8 18.Bd4 Bf5 19.Qd1 Be4 20.Nf4 Ne6 21.f3 Bc2 22.Nxe6 fxe6
23.Qe1 Qg6 24.Qb4 a5 25.bxa6 bxa6 26.Rfc1 Rab8 27.Qd6 Bxb3 28.Rxc8+ Rxc8
29.Bxg7 Ba4 30.Bd4 Rc2 31.g4 Bb5 32.Kh1 Kf7 33.Rg1 Ke8 34.Qf4 Qf7 35.Bf6 Qc7
36.Qxc7 Rxc7 37.Kg2 a5 38.Rb1 Rb7 39.Kg3 a4 40.Ra1 Bc6 41.Kf4 Kd7 42.h4 Rb4+
43.Kg3 Rb3 44.Kf2 a3 45.h5 Bb5 46.g5 Bd3 47.Rd1 a2 48.g6 hxg6 49.h6 g5 50.e4 Bxe4
51.fxe4 Rh3 52.Bg7 Ke7 53.Kg2 Rh4 54.exd5 exd5 55.Ra1 Kf7 56.Rxa2 Kg6 57.Ra6+ Kh7
58.Ra5 Kg6 59.Rxd5 Ra4 60.Rd6+ Kh7 61.Kg3 Re4 62.Ra6 Rc4 63.Kf3 Rh4 64.Ke3 Rg4
65.Re6 Ra4 66.Rd6 g4 67.Rd4  1-0

[Event "Oslo"]
[Site "Oslo"]
[Date "1984.??.??"]
[Round "?"]
[White "Karpov, Anatoly"]
[Black "Miles, Anthony J"]
[Result "1-0"]
[WhiteElo "2705"]
[BlackElo "2615"]

1.e4 c6 2.d4 d5 3.Nd2 dxe4 4.Nxe4 Nf6 5.Nxf6+ gxf6 6.c3 Bf5 7.Nf3 Nd7 8.Bf4 Qb6
9.Bd3 Bxd3 10.Qxd3 Qxb2 11.O-O Qa3 12.Rfb1 Nb6 13.Bc7 Bh6 14.Bxb6 axb6 15.Rxb6 Ra7
16.Rab1 O-O 17.Rxb7 Qxa2 18.g3 e6 19.Kg2 Ra3 20.Rd7 Be3 21.Rf1 Bh6 22.Re1 Qb3
23.d5 exd5 24.Qf5 Qxc3 25.Ree7 Qd3 26.Qxf6 Qg6 27.Qxg6+ hxg6 28.Ne5 Bg5 29.Rxf7 Rxf7
30.Nxf7 Bf6 31.Nh6+ Kh8 32.Rd6 Bg7 33.Nf7+ Kg8 34.Ng5 Ra8 35.Rxc6 d4 36.Rxg6 Kh8
37.Rd6 Re8 38.Nf3  1-0

[Event "Oslo"]
[Site "Oslo"]
[Date "1984.??.??"]
[Round "?"]
[White "Miles, Anthony J"]
[Black "Hort, Vlastimil"]
[Result "1/2-1/2"]
[WhiteElo "2615"]
[BlackElo "2615"]

1.d4 d5 2.c4 dxc4 3.Nf3 Nf6 4.e3 Bg4 5.Bxc4 e6 6.O-O a6 7.Be2 c5 8.dxc5 Bxc5
9.Qxd8+ Kxd8 10.Nc3 Nbd7 11.b3 Ke7 12.Bb2 Rhd8 13.Rfd1 Rac8 14.Kf1 h6 15.Rac1 Ke8
16.h3 Bh5 17.Nd4 Bxe2+ 18.Kxe2  1/2-1/2

[Event "Oslo"]
[Site "Oslo"]
[Date "1984.??.??"]
[Round "?"]
[White "De Firmian, Nick E"]
[Black "Miles, Anthony J"]
[Result "1/2-1/2"]
[WhiteElo "2550"]
[BlackElo "2615"]

1.e4 c6 2.d4 d5 3.Nd2 dxe4 4.Nxe4 Nf6 5.Nxf6+ gxf6 6.c3 Bf5 7.Nf3 Qc7 8.g3 Nd7
9.Bg2 O-O-O 10.O-O e6 11.Re1 Bd6 12.b4 Bg4 13.Qa4 Bxf3 14.Bxf3 h5 15.Qxa7 h4
16.b5 cxb5 17.Rb1 hxg3 18.hxg3 Rdg8 19.Qa8+ Nb8 20.Rxb5 b6 21.Bg2 Qxc3 22.Rd1 Qc2
23.Qf3 Nd7 24.Be3 Kd8 25.d5 e5 26.Rc1 Qxa2 27.Rxb6 Ke7 28.Rxd6 Kxd6 29.Rc6+ Ke7
30.d6+ Ke6 31.Bf1 Rh4 32.Rc7 Qa4 33.Ra7 Qe4 34.Bh3+ f5 35.Qxe4 Rxe4 36.Rxd7 Rxe3
37.Bxf5+ Kxf5 38.fxe3 Ke6 39.Re7+ Kxd6 40.Rxf7  1/2-1/2

[Event "Oslo"]
[Site "Oslo"]
[Date "1984.??.??"]
[Round "?"]
[White "Miles, Anthony J"]
[Black "Agdestein, Simen"]
[Result "1-0"]
[WhiteElo "2615"]
[BlackElo "2435"]

1.d4 d5 2.c4 c6 3.Nf3 Nf6 4.Qc2 g6 5.Bf4 Bg7 6.e3 O-O 7.Nc3 Bf5 8.Qb3 Qb6
9.c5 Qxb3 10.axb3 Nbd7 11.h3 Ne4 12.b4 f6 13.Be2 g5 14.Bh2 a6 15.Nb1 e5 16.Ng1 exd4
17.exd4 Rfe8 18.f3 a5 19.fxe4 Bxe4 20.Nf3 axb4 21.Rxa8 Rxa8 22.Nbd2 Bg6 23.Bd1 f5
24.Nb3 h6 25.Kd2 b6 26.Ne5 Bxe5 27.Bxe5 bxc5 28.Nxc5 Nxe5 29.dxe5 Ra2 30.Na4 Ra1
31.Re1 Kf7 32.Nc5 Rb1 33.Bc2 Rxb2 34.Nd3 Rxc2+ 35.Kxc2 f4 36.Kd2 Bxd3 37.Kxd3 c5
38.e6+ Ke7 39.Re5 c4+ 40.Kd4 c3 41.Kd3 d4 42.Rb5  1-0

[Event "OHRA"]
[Site "Amsterdam"]
[Date "1985.??.??"]
[Round "1"]
[White "Miles, Anthony J"]
[Black "Timman, Jan H"]
[Result "1-0"]
[WhiteElo "2560"]
[BlackElo "2640"]

1.Nf3 Nf6 2.c4 c5 3.b3 d5 4.cxd5 Nxd5 5.Bb2 f6 6.Nc3 e5 7.Nxd5 Qxd5 8.e3 Be6
9.Bc4 Qd7 10.O-O Bxc4 11.bxc4 Be7 12.d4 cxd4 13.exd4 exd4 14.Nxd4 O-O 15.Qf3 Nc6
16.Nf5 Ne5 17.Bxe5 fxe5 18.Qd5+  1-0

[Event "OHRA"]
[Site "Amsterdam"]
[Date "1985.??.??"]
[Round "4"]
[White "Karpov, Anatoly"]
[Black "Miles, Anthony J"]
[Result "1-0"]
[WhiteElo "2720"]
[BlackElo "2560"]

1.e4 c6 2.d4 d5 3.Nd2 dxe4 4.Nxe4 Bf5 5.Ng3 Bg6 6.h4 h6 7.Nf3 Nd7 8.h5 Bh7
9.Bd3 Bxd3 10.Qxd3 Qc7 11.Bd2 e6 12.O-O-O Ngf6 13.Ne4 O-O-O 14.g3 Nc5 15.Nxc5 Bxc5
16.Qe2 Bb6 17.Bf4 Qe7 18.c4 Rhe8 19.Qe5 Bc7 20.Qxc7+ Qxc7 21.Bxc7 Kxc7 22.Rh4 Re7
23.Ne5 Nd7 24.Rf4 Rf8 25.Kc2 Nxe5 26.dxe5 Rd7 27.Rxd7+ Kxd7 28.c5 Ke7 29.Ra4 Ra8
30.Kc3 Kf8 31.Rd4 Ke7 32.Rb4 Rb8 33.Ra4 Ra8 34.Ra3 Ke8 35.Rb3 Rb8 36.Ra3 Ra8
37.Kc2 Ke7 38.Rb3 Rb8 39.Ra3 Ra8 40.Ra4 Ke8 41.Rb4 Rb8 42.Ra4 Ra8 43.Kc3 Ke7
44.Kc4 Ke8 45.Ra3 Ke7 46.Rb3 Rb8 47.Ra3 Ra8 48.f4 g6 49.hxg6 fxg6 50.Kd4 h5
51.Ke4 Kf7 52.Rb3 b6 53.Rd3 Ke7 54.Rd6 bxc5 55.Rxc6 Rb8 56.Rxc5 Rxb2 57.Rc7+ Kf8
58.Rxa7 Rc2 59.Kf3 Kg8 60.a4 Ra2 61.a5 Kf8 62.a6 Kg8 63.Ra8+ Kg7 64.a7 Ra3+
65.Ke4  1-0

[Event "Portoroz/Ljubljana"]
[Site "Ljubljana"]
[Date "1985.??.??"]
[Round "4"]
[White "Miles, Anthony J"]
[Black "Smyslov, Vassily"]
[Result "1/2-1/2"]
[WhiteElo "2570"]
[BlackElo "2600"]

1.e4 e5 2.Nf3 Nc6 3.Bb5 a6 4.Ba4 Nf6 5.O-O Be7 6.Re1 b5 7.Bb3 d6 8.c3 O-O
9.h3 Na5 10.Bc2 c5 11.d4 Qc7 12.Nbd2 Bd7 13.Nf1 cxd4 14.cxd4 Rac8 15.Ne3 Rfe8
16.Bd2 Nc6 17.d5 Nd4 18.Bd3 Qa7 19.Nxd4 Qxd4 20.Bc3 Qb6 21.Nf1  1/2-1/2

[Event "Portoroz/Ljubljana"]
[Site "Ljubljana"]
[Date "1985.??.??"]
[Round "6"]
[White "Parma, Bruno"]
[Black "Miles, Anthony J"]
[Result "1/2-1/2"]
[WhiteElo "2490"]
[BlackElo "2570"]

1.e4 c6 2.d4 d5 3.Nc3 dxe4 4.Nxe4 Bf5 5.Ng3 Bg6 6.h4 h6 7.Nf3 Nd7 8.Bd3 Bxd3
9.Qxd3 Qc7 10.Bd2 e6 11.O-O-O O-O-O  1/2-1/2

[Event "Portoroz/Ljubljana"]
[Site "Ljubljana"]
[Date "1985.??.??"]
[Round "10"]
[White "Christiansen, Larry Mark"]
[Black "Miles, Anthony J"]
[Result "1/2-1/2"]
[WhiteElo "2560"]
[BlackElo "2570"]

1.d4 Nf6 2.c4 e6 3.Nf3 b6 4.a3 Bb7 5.Nc3 d5 6.cxd5 Nxd5 7.Qc2 c5 8.e4 Nxc3
9.bxc3 Nd7 10.Bd3 Qc7 11.Bb2 cxd4 12.cxd4 Qxc2 13.Bxc2 Ba6 14.Rc1  1/2-1/2